000 01000cab a2200325 4500
001 ABS52484
008 090401t1995 xxu||||| |||| 00| 0 eng d
035 _a(Sirsi) u81236
041 _aeng
100 _aHorton, P.
245 _aPlanning policy guidance on nature conservation
260 _c1995
350 _a0
490 _aMineral Planning
_v(26) March 1995, 8-9(2)
520 _aReviews PPG9 as it relates to the implementation of the EU legislation on the conservation of of natural habitats, wildlife and fauna.
650 _aBIRDS DIRECTIVE
650 _aCONSERVATION (NATURAL HABITATS ETC) REGULATIONS 1994
650 _aHABITATS DIRECTIVE
650 _aNATURAL HABITATS
650 _aNATURE CONSERVATION
650 _aPPG9
650 _aSACS
650 _aSPAS
650 _aSPECIAL AREAS OF CONSERVATION
650 _aSPECIAL PROTECTION AREAS FOR BIRDS
690 _aCONSERVATION
690 _aPLANNING LAW AND PRACTICE
942 _n0
948 _c04/03/1997
999 _c51200
_d51200